zpět

Detail výsledku týmu

Suzie's, Brno

Datum a čas kvízu

23.5 Celkem bodů Celkový počet nahraných bodů na tomto kvízu bez doplňovacích otázek.
4. Pořadí na kvízu Konečné umístění týmu na tomto kvízu.

Zaznamenané odpovědi

# Otázka Odpověď Body Výsledky
1. Jak se jmenuje tato 26letá mod... Veronika „Veve“ Přikrylová 1
2. Příznivci alternativního divad... C) automobily, autobusy a bagry 0
3. Minulý týden bylo odtajněno po... Libor Bouček; Žolík 0.5
4. Speciálem etiopských aerolinií... Lucy 0
5. 25letý švédský atlet překonal... Armand Duplantis; skok o tyči 1
6. Hned v první otázce se zaměřím... 1A 2C 3D 4B 0
7. Z následujících možností vyber... A 1
8. Který z těchto výroků o prezid... B 0
9. NW Präsident byl v roce 1897 p... Tatra, Kopřivnice 0
10. Která zpěvačka nahrála skladbu... Pink 1